Old Wives Tales Quiz Stats

 Plays Quiz not verified by Sporcle

Score 0/15 Timer 02:00
0 Plays Today
% Correct
Girl
88.2%
Girl
85.3%
Boy
79.4%
Girl
79.4%
Girl
73.5%
Boy
70.6%
Boy
67.6%
Boy
61.8%
% Correct
Girl
58.8%
Boy
41.2%
Girl
35.3%
Boy
35.3%
Boy
26.5%
Girl
26.5%
Girl
20.6%

You're not logged in!

Compare scores with friends on all Sporcle quizzes.
OR
Log In

Sporcle TV

Today on Sporcle TV


Watch our educational content, quiz creation guides, and fun videos on Sporcle TV.

Show Comments

Extras

Created Sep 14, 2017SourceReportNominate
Tags:Clickable Quiz, old, tale

Top Quizzes Today


Score Distribution

Your Account Isn't Verified!

In order to create a playlist on Sporcle, you need to verify the email address you used during registration. Go to your Sporcle Settings to finish the process.

Report this User

Report this user for behavior that violates our Community Guidelines.

Details: